000 00361nam a2200133Ia 4500
008 220217s9999||||xx |||||||||||||| ||und||
020 _a978-81-318-0217-5
082 _a005.13 RAJ
100 _aRajaram, J
245 0 _aC# interview questions and answers
260 _aFirewall media
_bBangalooru
_c2007
300 _b75
650 _aPROGRAMMING LANGUAGE
999 _c177018
_d177018